000
00264nam a2200109Ia 4500
005
20251222154433.0
008
251222s9999||||xx |||||||||||||| ||spa||
082
_a
868.9/P41
100
_a
"Pemán, José María"
245
0
_a
Signo y viento de la hora
942
_c
LIB
999
_c
36514
_d
36514